[Event "Chioggia op-A 11th"]
[Site "Chioggia"]
[Date "2016.10.08"]
[Round "3"]
[White "Zamengo, Bruno"]
[Black "Holzer, Philipp"]
[Result "1/2-1/2"]
[WhiteElo "2019"]
[BlackElo "1858"]
[PlyCount "63"]
[EventDate "2016.10.07"]
[EventType "swiss"]
[EventRounds "5"]
[EventCountry "ITA"]
[SourceTitle "EXT 2022"]
[Source "ChessBase"]
[SourceDate "2021.10.06"]
[SourceVersion "1"]
[SourceVersionDate "2021.10.06"]
[SourceQuality "1"]

1. e4 e5 2. Nf3 Nf6 3. Bc4 Nxe4 4. Qe2 d5 5. Nxe5 Be6 6. d4 Be7 7. Bd3 Nd6 8. 0-0 Nd7 9. Nd2 0-0 10. Ndf3 c6 11. Bf4 Nf6 12. Ng5 Bf5 13. Bxf5 Nxf5 14. Qd3 Nd6 15. Ng4 Nfe4 16. Bxd6 Nxg5 17. Bxe7 Qxe7 18. Rfe1 Qd6 19. Qf5 Ne6 20. c3 Rfe8 21. Re3 Qf4 22. Qh5 Qg5 23. Qxg5 Nxg5 24. Rae1 Re6 25. h4 Rxe3 26. Rxe3 Ne6 27. Kf1 Re8 28. g3 f6 29. Nh2 Kf7 30. Nf3 Nc7 31. Ke2 Rxe3+ 32. Kxe3 1/2-1/2

[Event "Chioggia op-A 08th"]
[Site "Chioggia"]
[Date "2013.10.13"]
[Round "4"]
[White "Bacchini, Stefano"]
[Black "Holzer, Philipp"]
[Result "1-0"]
[WhiteElo "1984"]
[BlackElo "1865"]
[PlyCount "111"]
[EventDate "2013.10.10"]
[EventType "swiss"]
[EventRounds "5"]
[EventCountry "ITA"]
[SourceTitle "EXT 2024"]
[Source "ChessBase"]
[SourceDate "2023.10.10"]
[SourceVersion "1"]
[SourceVersionDate "2023.10.10"]
[SourceQuality "1"]

1. f4 d5 2. Nf3 c5 3. e3 Nc6 4. b3 Bg4 5. Bb2 e6 6. Bb5 Nf6 7. Bxc6+ bxc6 8. 0-0 Be7 9. d3 0-0 10. Nbd2 Qb6 11. Qe1 Bxf3 12. Rxf3 Rfd8 13. Kh1 Ne8 14. e4 d4 15. Qe2 Bf8 16. Rh3 g6 17. Qg4 Bg7 18. Qh4 h6 19. g4 Rd7 20. Nc4 Qd8 21. Qg3 Qe7 22. Re1 Nd6 23. Ne5 Rc7 24. Ba3 Nb5 25. Bc1 Nc3 26. a4 Na2 27. Ba3 Nb4 28. Re2 Bxe5 29. fxe5 Qg5 30. Qg1 Qxe5 31. Rxh6 Kg7 32. Rh3 Rh8 33. Rf3 Rh7 34. Bc1 g5 35. Ref2 Kg8 36. Bd2 Rc8 37. Be1 Kf8 38. Qf1 Qg7 39. Rg2 Ke7 40. Bg3 Rf8 41. Rgf2 Kd7 42. Rf6 Na2 43. R2f5 Ke7 44. Rxc5 Kd7 45. Ra5 Ra8 46. Be5 Qg8 47. Bxd4 Nb4 48. Rf2 Qg6 49. Bc3 c5 50. Rxc5 Nc6 51. Bd2 e5 52. Rf6 Qg7 53. Qf5+ Ke7 54. Bxg5 Kf8 55. Rcxc6 Qh8 56. Rh6 1-0